000 00788nam a2200265Ia 4500
003 OSt
005 20220928130938.0
006 a|||||r|||| 00| 0
007 ta
008 220927b |||||||| |||| 00| 0 eng d
020 _c939.0471
024 _a109950
037 _b62, 25/10/2010, Aviva Books Company
_cTextual
040 _aSDCL
_cSDCL
_beng
041 _2eng
_aeng
082 _aS848:73, Q0
100 _aSosik John J
_9476648
245 0 _aFull range leadership development
_b Pathways for people,profit and planet.
260 _c2010
300 _axxiii,394p.
_ccm.
650 _aPsychology
700 _a Jung Don L
_9476649
942 _hS848:73, Q0
_cTEXL
_2CC
999 _c789133
_d789133